LEADER 01288nam--2200409---450- 001 990000696600203316 005 20050322112545.0 010 $a88-7116-708-2 035 $a0069660 035 $aUSA010069660 035 $a(ALEPH)000069660USA01 035 $a0069660 100 $a20011018d1989----km-y0itay0103----ba 101 $aita 102 $aIT 105 $a||||||||001yy 200 1 $aSulle tracce dei Romani$eitinerari dall'Umbria alle sponde del Liri$fFerdinand Gregorovius 210 $aMilano$cMessaggerie Pontremolesi$d1989 215 $aXVII, 451 p.$d23 cm 225 2 $aEsplorazione, viaggi , avventura 410 $12001$aEsplorazione, viaggi , avventura 606 0 $aUmbria$xDescrizione e viaggi 606 0 $aLazio$xDescrizione e Viaggi 606 0 $aViaggiatori tedeschi$yItalia Centrale 676 $a914.565 700 1$aGREGOROVIUS,$bFerdinand$034151 801 0$aIT$bsalbc$gISBD 912 $a990000696600203316 951 $aIII.1. 2847(III A 700)$b142559 LM$cIII A 959 $aBK 969 $aUMA 979 $aPATTY$b90$c20011018$lUSA01$h2221 979 $c20020403$lUSA01$h1718 979 $aPATRY$b90$c20040406$lUSA01$h1648 979 $aCOPAT3$b90$c20050322$lUSA01$h1125 996 $aSulle tracce dei Romani$9961978 997 $aUNISA LEADER 02142nam0 2200457 i 450 001 VAN0133342 005 20230623112935.574 017 70$2N$a9789401788281 100 $a20210409d2014 |0itac50 ba 101 $aeng 102 $aNL 105 $a|||| ||||| 200 1 $aTHz and Security Applications$eDetectors, Sources and Associated Electronics for THz Applications$fCarlo Corsi, Fedir Sizov editors 210 $aDordrecht$cSpringer$cNATO Emerging Security Challenges Division$d2014 215 $axxxiv, 292 p.$cill.$d24 cm 410 1$1001VAN0133295$12001 $aNATO Science for Peace and Security Series. B: Physics and Biophysics$1210 $aDordrecht$cSpringer$cNATO Emerging Security Challenges Division 500 1$3VAN0134872$aTHz and Security Applications$91770962 606 $a00A79 (77-XX)$xPhysics [MSC 2020]$3VANC023182$2MF 606 $a78A40$xWaves and radiation in optics and electromagnetic theory [MSC 2020]$3VANC027741$2MF 610 $aAdvanced Technologies for Security Systems$9KW:K 610 $aBeyond Microwaves$9KW:K 610 $aFuture Technologies$9KW:K 610 $aSecurity Systems$9KW:K 610 $aSmart sensors$9KW:K 610 $aSpectroscopy$9KW:K 610 $aTHz Science and Technology$9KW:K 610 $aTeraHertz-THz$9KW:K 610 $aWhat are Infrared$9KW:K 620 $aNL$dDordrecht$3VANL000068 702 1$aCorsi$bCarlo$3VANV107086 702 1$aSizov$bFedir$3VANV107087 712 $aNATO Emerging Security Challenges Division $3VANV115222$4650 712 $aSpringer $3VANV108073$4650 801 $aIT$bSOL$c20240614$gRICA 856 4 $uhttp://doi.org/10.1007/978-94-017-8828-1$zE-book ? Accesso al full-text attraverso riconoscimento IP di Ateneo, proxy e/o Shibboleth 899 $aBIBLIOTECA DEL DIPARTIMENTO DI MATEMATICA E FISICA$1IT-CE0120$2VAN08 912 $fN 912 $aVAN0133342 950 $aBIBLIOTECA DEL DIPARTIMENTO DI MATEMATICA E FISICA$d08CONS e-book 2218 $e08eMF2218 20210409 996 $aTHz and Security Applications$91770962 997 $aUNICAMPANIA